MARC details
| 000 -CABECERA |
| campo de control de longitud fija |
00900nam a2200253 a 4500 |
| 001 - NÚMERO DE CONTROL |
| campo de control |
000024993 |
| 005 - FECHA Y HORA DE LA ÚLTIMA TRANSACCIÓN |
| campo de control |
20200930023508.0 |
| 008 - DATOS DE LONGITUD FIJA--INFORMACIÓN GENERAL |
| campo de control de longitud fija |
110208s1981 sp r 000 0 spa d |
| 020 ## - NÚMERO INTERNACIONAL ESTÁNDAR DEL LIBRO |
| Número Internacional Estándar del Libro |
8472222217 |
| 040 ## - FUENTE DE LA CATALOGACIÓN |
| Centro catalogador/agencia de origen |
DO-SdBNP |
| Lengua de catalogación |
spa |
| Centro/agencia transcriptor |
BNPHU |
| 041 17 - CÓDIGO DE LENGUA |
| Código de lengua del texto/banda sonora o título independiente |
spa |
| Código de lengua original |
eng |
| 082 ## - NÚMERO DE LA CLASIFICACIÓN DECIMAL DEWEY |
| Número de clasificación |
xxxx |
| Número de documento/Ítem |
M479a, 1981 |
| 100 1# - ENTRADA PRINCIPAL--NOMBRE DE PERSONA |
| Nombre de persona |
Mead, Margaret, |
| Fechas asociadas al nombre |
1901-1978. |
| 9 (RLIN) |
51285 |
| 240 10 - TÍTULO UNIFORME |
| Título uniforme |
Coming of age in Samoa. |
| Lenguaje de la obra |
Español. |
| 245 10 - MENCIÓN DE TÍTULO |
| Título |
Adolescencia, sexo y cultura en Samoa / |
| Mención de responsabilidad, etc. |
Margaret Mead ; versión del inglés de E. L. ; prólogo de Franz Boas. |
| 250 ## - MENCIÓN DE EDICIÓN |
| Mención de edición |
4a ed. |
| 260 ## - PUBLICACIÓN, DISTRIBUCIÓN, ETC. |
| Lugar de publicación, distribución, etc. |
Barcelona : |
| Nombre del editor, distribuidor, etc. |
Editorial Laia, |
| Fecha de publicación, distribución, etc. |
1981. |
| 300 ## - DESCRIPCIÓN FÍSICA |
| Extensión |
280 p. ; |
| Dimensiones |
19 cm. |
| 490 1# - MENCIÓN DE SERIE |
| Mención de serie |
Laia B |
| -- |
Ciencias Humanas: Antropología |
| Designación de volumen o secuencia |
197 |
| 534 ## - NOTA SOBRE LA VERSIÓN ORIGINAL |
| Encabezamiento principal del original |
Título original en inglés |
| Mención de título del original |
Coming of age in Samoa. |
| 590 ## - NOTA LOCAL (RLIN) |
| Nota local |
Inventariado, 2019 /LP |
| 700 1# - PUNTO DE ACCESO ADICIONAL--NOMBRE DE PERSONA |
| Nombre de persona |
Boa, Franz |
| Término indicativo de función/relación |
pról. |
| 9 (RLIN) |
51286 |
| 830 #0 - PUNTO DE ACCESO ADICIONAL DE SERIE-TÍTULO UNIFORME |
| Título uniforme |
Laia B |
| Nombre de parte o sección de la obra |
Ciencias Humanas: Antropología |
| Designación de volumen o secuencia |
197 |
| 9 (RLIN) |
51287 |